00752nam a2200193 a 4500001001000000003000900010005001700019007000300036008004100039040002500080082002500105100002800130245010300158260007800261300002000339500008600359600005200445651006100497000033031DO-SdBNP20240229073938.0ta110808s1947 dr 000 0 spa d aDO-SdBNPbspacBNPHU 4a972.93053bH565a2221 aHerrera Bornia, Orestes10aAnte la marcha del trabajo hacia la reelección del presidente Trujillo /cOreste Herrera Bornia. aCiudad Trujillo, República Dominicana :bLuis Sánchez Andujar,c1947. a79 p. ;c24 cm. a(Discursos pronunciados ante los microfonos de la H12A- La voz de la reeleción)10aTrujillo Molina, Rafael Leónidas,d 1891-1961 4aRepública DominicanaxPolítica y gobiernoy1930-1961